|
|
|
|
| LEADER |
00000caa a22000002c 4500 |
| 001 |
1642302201 |
| 003 |
DE-627 |
| 005 |
20230428162437.0 |
| 007 |
tu |
| 008 |
150213s1986 xx ||||| 00| ||eng c |
| 035 |
|
|
|a (DE-627)1642302201
|
| 035 |
|
|
|a (DE-576)426304756
|
| 035 |
|
|
|a (DE-599)BSZ426304756
|
| 040 |
|
|
|a DE-627
|b ger
|c DE-627
|e rakwb
|
| 041 |
|
|
|a eng
|
| 100 |
1 |
|
|a Calasanti, Toni M
|4 aut
|
| 245 |
1 |
4 |
|a The social creation of dependance, dependency ratios, and the elderly in the United States
|b a critical analysis
|c Toni M. Calasanti; Alessandro Bonanno
|
| 264 |
|
1 |
|c 1986
|
| 336 |
|
|
|a Text
|b txt
|2 rdacontent
|
| 337 |
|
|
|a ohne Hilfsmittel zu benutzen
|b n
|2 rdamedia
|
| 338 |
|
|
|a Band
|b nc
|2 rdacarrier
|
| 700 |
1 |
|
|a Bonanno, Alessandro
|d 1954-
|0 (DE-588)170398943
|0 (DE-627)060483245
|0 (DE-576)131290282
|4 aut
|
| 773 |
0 |
8 |
|i In
|t Social science & medicine
|d Amsterdam [u.a.] : Elsevier, 1967
|g 23(1986), 11, Seite 127 ff.
|w (DE-627)129086371
|w (DE-600)4766-1
|w (DE-576)014420465
|x 0277-9536
|7 nnas
|
| 773 |
1 |
8 |
|g volume:23
|g year:1986
|g number:11
|g pages:127 ff.
|
| 951 |
|
|
|a AR
|
| ELC |
|
|
|b 1
|
| LOK |
|
|
|0 000 xxxxxcx a22 zn 4500
|
| LOK |
|
|
|0 001 3306185892
|
| LOK |
|
|
|0 003 DE-627
|
| LOK |
|
|
|0 004 1642302201
|
| LOK |
|
|
|0 005 20150213131628
|
| LOK |
|
|
|0 008 150213||||||||||||||||ger|||||||
|
| LOK |
|
|
|0 040
|a DE-21-110
|c DE-627
|d DE-21-110
|
| LOK |
|
|
|0 689
|a s
|a Altenpflege
|
| LOK |
|
|
|0 689
|a s
|a Altersabhängigkeit
|
| LOK |
|
|
|0 689
|a g
|a USA
|
| LOK |
|
|
|0 852
|z Kein Bestand am IfK; Nachweis für KrimDok
|
| LOK |
|
|
|0 852
|a DE-21-110
|
| LOK |
|
|
|0 852 1
|m v
|9 00
|
| LOK |
|
|
|0 935
|a k110
|
| LOK |
|
|
|0 938
|k v
|
| LOK |
|
|
|0 939
|a 13-02-15
|b l01
|
| ORI |
|
|
|a SA-MARC-krimdoka001.raw
|